Tájak egykor és ma pozsonyi fotóhónap 2008

Bibliographic Details
Format: Article
Language:Hungarian
PhysicalDescription:Fotogr.
ISSN:1335-6631
Subjects:

MARC

LEADER 00000nab a2200000 ar4500
001 vtls009454316
003 SK-MaSNL
005 20260318124435.0
008 081211c2008 xo |||||||| 000 b|hun
015 |a SNBRB2008/12  |2 snkbucl 
038 |a SNKBUCL 
040 |a DSZK  |b slo  |c DSZK  |e AACR2 
041 0 |a hun 
044 |a xo  |c SK 
080 |a 77.03/.04:061.3/.4  |2 2001 
245 0 0 |a Tájak egykor és ma  |b pozsonyi fotóhónap 2008  |c [szerző] (lati) 
300 |b Fotogr. 
611 2 7 |a Mesiac fotografie  |n (18. :  |d 2008 :  |c Bratislava, Slovensko)  |2 snkbucl  |9 648335 
651 7 |a Bratislava (Slovensko)  |2 snkbucl  |9 14568 
773 0 |t Szabad újság  |g Évf. XVI, sz. 47 (2008), o. 7  |x 1335-6631 
852 |a SNK  |b KIS3GCP 
852 |a DSZK  |b KIS3GCP 
958 |a HU 
958 |a SK 
999 |c 2550940  |d 2552870